000 00232nam a2200097Ia 4500
001 703896
005 20250826162400.0
008 250824s9999 xx 000 0 und d
245 0 _aYAZ KAMPI
_cGÜLDEM ŞAHAN
260 _bTUDEM YAYINLARI
999 _c703896
_d703896